[Event "SVK-chT2B 2223"]
[Site "Slovakia"]
[Date "2022.11.26"]
[Round "5.7"]
[White "Tomko, Michal"]
[Black "Cyprian, Marian"]
[Result "1/2-1/2"]
[WhiteElo "1759"]
[BlackElo "1845"]
[PlyCount "53"]
[EventDate "2022.10.08"]
[EventType "team-tourn"]
[EventRounds "11"]
[EventCountry "SVK"]
[SourceTitle "EXT 2024"]
[Source "ChessBase"]
[SourceDate "2023.10.10"]
[SourceVersion "1"]
[SourceVersionDate "2023.10.10"]
[SourceQuality "1"]
[WhiteTeam "Dubnica nad Vahom III"]
[BlackTeam "Nemsova Horne Srnie"]
[WhiteTeamCountry "SVK"]
[BlackTeamCountry "SVK"]

1. e4 Nf6 2. e5 Nd5 3. d4 d6 4. c4 Nb6 5. f4 g6 6. Nc3 Bg7 7. Be3 0-0 8. Bd3 Nc6 9. Nf3 Bg4 10. Be2 Bxf3 11. gxf3 d5 12. b3 e6 13. 0-0 a6 14. c5 Nc8 15. a3 N8e7 16. Bd3 Kh8 17. Rf2 Qd7 18. b4 Nf5 19. Bxf5 gxf5 20. Rg2 Rg8 21. Raa2 Ne7 22. Rg3 Ng6 23. a4 Bh6 24. Qc1 Qe7 25. Rag2 Qd7 26. Kh1 b5 27. a5 1/2-1/2

[Event "SVK-chT2B 2223"]
[Site "Slovakia"]
[Date "2022.11.13"]
[Round "4.5"]
[White "Cyprian, Marian"]
[Black "Urban, Gabor"]
[Result "1/2-1/2"]
[WhiteElo "1845"]
[BlackElo "2041"]
[PlyCount "83"]
[EventDate "2022.10.08"]
[EventType "team-tourn"]
[EventRounds "11"]
[EventCountry "SVK"]
[SourceTitle "EXT 2024"]
[Source "ChessBase"]
[SourceDate "2023.10.10"]
[SourceVersion "1"]
[SourceVersionDate "2023.10.10"]
[SourceQuality "1"]
[WhiteTeam "Nemsova Horne Srnie"]
[BlackTeam "Batorove Kosihy"]
[WhiteTeamCountry "SVK"]
[BlackTeamCountry "SVK"]

1. d4 c6 2. Nf3 Nf6 3. Bf4 d5 4. h3 Bf5 5. e3 e6 6. Nbd2 Be7 7. Be2 0-0 8. 0-0 c5 9. c3 Nc6 10. Ne5 Nxe5 11. Bxe5 Nd7 12. Bg3 Qb6 13. Qb3 Rac8 14. Kh2 a6 15. f4 c4 16. Qxb6 Nxb6 17. Bd1 Bd3 18. Re1 f5 19. Bf2 Nd7 20. a4 Rc7 21. a5 Rb8 22. Be2 Bxe2 23. Rxe2 b5 24. Nf3 b4 25. Be1 h6 26. Rc2 b3 27. Rcc1 Rb5 28. Ra4 Rc8 29. Bh4 Bd6 30. Ne5 Bxe5 31. fxe5 g5 32. Bf2 Nb8 33. h4 Kg7 34. h5 Nc6 35. Rca1 Rf8 36. Rf1 Rb7 37. Be1 Rbf7 38. Bd2 Kh7 39. g3 g4 40. Kg2 Rb7 41. Rd1 Kg7 42. Rda1 1/2-1/2

[Event "SVK-chT3B2 2122"]
[Site "Slovakia"]
[Date "2022.05.22"]
[Round "11.6"]
[White "Kulich, Daniel"]
[Black "Cyprian, Marian"]
[Result "1/2-1/2"]
[WhiteElo "1648"]
[BlackElo "1850"]
[PlyCount "82"]
[EventDate "2021.10.24"]
[EventType "team-tourn"]
[EventRounds "11"]
[EventCountry "SVK"]
[SourceTitle "EXT 2024"]
[Source "ChessBase"]
[SourceDate "2023.10.10"]
[SourceVersion "1"]
[SourceVersionDate "2023.10.10"]
[SourceQuality "1"]
[WhiteTeam "Povazske Podhradie II"]
[BlackTeam "Nemsova Horne Srnie"]
[WhiteTeamCountry "SVK"]
[BlackTeamCountry "SVK"]

1. Nf3 Nf6 2. d4 d5 3. c4 dxc4 4. e3 g6 5. Bxc4 Bg7 6. 0-0 0-0 7. Nc3 c6 8. Qe2 Bg4 9. h3 Bxf3 10. Qxf3 e6 11. Rd1 Qe7 12. e4 Nbd7 13. e5 Nd5 14. Nxd5 cxd5 15. Bb3 Rfc8 16. Be3 Rc7 17. Qe2 Rac8 18. Qd2 Nb6 19. Rac1 Nc4 20. Bxc4 Rxc4 21. Rxc4 Rxc4 22. Rc1 Rc7 23. Rc3 Qd7 24. Qc2 Rc6 25. b4 Qc7 26. Rxc6 Qxc6 27. Qxc6 bxc6 28. Kf1 Kf8 29. Ke2 Ke8 30. Kd3 Kd7 31. Kc3 Kc7 32. Kb3 Kb6 33. Bd2 Bf8 34. g4 Be7 35. g5 a6 36. h4 Bd8 37. f3 Bc7 38. f4 Bb8 39. Ka4 Bc7 40. a3 Kb7 41. Be1 Bb6 1/2-1/2

[Event "SVK-chT3B2 2122"]
[Site "Slovakia"]
[Date "2022.04.10"]
[Round "8.6"]
[White "Sajtlava, Igor"]
[Black "Cyprian, Marian"]
[Result "1/2-1/2"]
[WhiteElo "1618"]
[BlackElo "1850"]
[PlyCount "25"]
[EventDate "2021.10.24"]
[EventType "team-tourn"]
[EventRounds "11"]
[EventCountry "SVK"]
[SourceTitle "EXT 2024"]
[Source "ChessBase"]
[SourceDate "2023.10.10"]
[SourceVersion "1"]
[SourceVersionDate "2023.10.10"]
[SourceQuality "1"]
[WhiteTeam "Dubnica nad Vahom III"]
[BlackTeam "Nemsova Horne Srnie"]
[WhiteTeamCountry "SVK"]
[BlackTeamCountry "SVK"]

1. d4 f5 2. g3 e6 3. Bg2 Nf6 4. Nf3 d5 5. 0-0 Be7 6. Bf4 0-0 7. Nbd2 c6 8. Ne5 Nbd7 9. Ndf3 Ne4 10. Nxd7 Bxd7 11. Be5 Bf6 12. Nd2 Nxd2 13. Qxd2 1/2-1/2

[Event "SVK-chT3B2 1920"]
[Site "Slovakia"]
[Date "2020.06.28"]
[Round "11.6"]
[White "Cyprian, Marian"]
[Black "Sopko, Rudolf"]
[Result "1-0"]
[WhiteElo "1865"]
[BlackElo "1722"]
[PlyCount "97"]
[EventDate "2019.10.06"]
[EventType "team-tourn"]
[EventRounds "11"]
[EventCountry "SVK"]
[SourceTitle "EXT 2022"]
[Source "ChessBase"]
[SourceDate "2021.10.06"]
[SourceVersion "1"]
[SourceVersionDate "2021.10.06"]
[SourceQuality "1"]
[WhiteTeam "Nemsova Horne Srnie"]
[BlackTeam "Trencin II"]
[WhiteTeamCountry "SVK"]
[BlackTeamCountry "SVK"]

1. d4 Nf6 2. Nf3 e6 3. Bf4 Nc6 4. e3 Ne7 5. h3 d5 6. Bd3 Ng6 7. Bg3 Ne4 8. Bxe4 dxe4 9. Ne5 Nxe5 10. Bxe5 Qg5 11. Qg4 Qxg4 12. hxg4 c6 13. Nd2 f6 14. Bg3 f5 15. Be5 Kf7 16. 0-0-0 Be7 17. f3 exf3 18. gxf3 h6 19. Rdg1 Rg8 20. f4 Bd7 21. g5 hxg5 22. fxg5 Kg6 23. Nf3 Rh8 24. Bf4 Rxh1 25. Ne5+ Kh7 26. Rxh1+ Kg8 27. Nxd7 Rd8 28. Ne5 Bd6 29. g6 Bxe5 30. Bxe5 Rd7 31. c3 b5 32. b4 a6 33. Kb2 Rd5 34. Rh7 Rd7 35. Kb3 Rb7 36. a4 Rd7 37. axb5 axb5 38. Rh2 Ra7 39. Ra2 Rxa2 40. Kxa2 Kf8 41. Kb3 Kg8 42. Kc2 Kf8 43. Kd3 Kg8 44. Ke2 Kf8 45. Kf3 Kg8 46. Kf4 Kf8 47. e4 fxe4 48. Kxe4 Kg8 49. Bd6 1-0

[Event "SVK-chT2B 1819"]
[Site "Slovakia"]
[Date "2019.03.02"]
[Round "8.5"]
[White "Laho, Lukas"]
[Black "Cyprian, Marian"]
[Result "1-0"]
[WhiteElo "1915"]
[BlackElo "1858"]
[PlyCount "131"]
[EventDate "2018.10.13"]
[EventType "team-tourn"]
[EventRounds "11"]
[EventCountry "SVK"]
[SourceTitle "CBM 189 Extra"]
[Source "ChessBase"]
[SourceDate "2019.06.03"]
[SourceVersion "1"]
[SourceVersionDate "2019.06.03"]
[SourceQuality "1"]
[WhiteTeam "Surany"]
[BlackTeam "Nemsova Horne Srnie"]
[WhiteTeamCountry "SVK"]
[BlackTeamCountry "SVK"]

1. d4 f5 2. Nf3 e6 3. c4 d5 4. Nc3 c6 5. e3 Nf6 6. Be2 Bd6 7. 0-0 0-0 8. Qc2 Ne4 9. Ne5 Nd7 10. f3 Nef6 11. f4 Ne4 12. Nxe4 dxe4 13. Bd2 Nf6 14. b4 Bd7 15. Rfd1 Rc8 16. Qb3 Kh8 17. a4 Qe7 18. Rab1 a6 19. a5 Rfd8 20. Bc3 Be8 21. Kf2 Rc7 22. g3 Rdc8 23. Rd2 h6 24. Rbd1 Kh7 25. c5 Bxe5 26. dxe5 Nd5 27. Bb2 Rd7 28. Bd4 Rcd8 29. Rg1 Nc7 30. h4 h5 31. Bc4 Nd5 32. Be2 Qf7 33. Rgd1 Kh6 34. Qb2 g6 35. Bc4 Qe7 36. Bc3 Nxc3 37. Qxc3 Rxd2+ 38. Rxd2 Rxd2+ 39. Qxd2 Qd7 40. Qd6 Qxd6 41. cxd6 Bd7 42. Ke2 Kg7 43. Kd2 Kf7 44. Kc3 Ke8 45. Kd4 Kd8 46. Kc5 Kc8 47. Kb6 Kb8 48. Bxa6 bxa6 49. Kxa6 Be8 50. Kb6 Kc8 51. a6 Kb8 52. a7+ Ka8 53. Kc7 Kxa7 54. d7 Bxd7 55. Kxd7 Kb6 56. Kxe6 Kb5 57. Kd6 Kxb4 58. Kxc6 Kc4 59. e6 Kd3 60. e7 Kxe3 61. e8Q Kf2 62. Qxg6 e3 63. Qxf5 Kxg3 64. Qxh5 Kh3 65. Qf3+ Kxh4 66. Qxe3 1-0

[Event "SVK-chT3B2 1819"]
[Site "Slovakia"]
[Date "2018.11.11"]
[Round "2.2"]
[White "Cyprian, Marian"]
[Black "Motuzova, Marta"]
[Result "1-0"]
[WhiteElo "1874"]
[BlackElo "1812"]
[PlyCount "133"]
[EventDate "2018.10.21"]
[EventType "team-tourn"]
[EventRounds "11"]
[EventCountry "SVK"]
[SourceTitle "CBM 189 Extra"]
[Source "ChessBase"]
[SourceDate "2019.06.03"]
[SourceVersion "1"]
[SourceVersionDate "2019.06.03"]
[SourceQuality "1"]
[WhiteTeam "Nemsova Horne Srnie"]
[BlackTeam "Belusa"]
[WhiteTeamCountry "SVK"]
[BlackTeamCountry "SVK"]

1. b3 Nf6 2. Bb2 e6 3. e3 d5 4. Nf3 Be7 5. d4 0-0 6. Nbd2 c5 7. Bd3 Nc6 8. 0-0 cxd4 9. exd4 Bd7 10. a3 Rc8 11. Re1 Qb6 12. Nf1 Bd6 13. h3 h6 14. Qd2 Qc7 15. Ne5 a6 16. Rac1 Na5 17. g3 Bb5 18. Bxb5 axb5 19. f3 Qb6 20. Kg2 Ra8 21. g4 Nc6 22. b4 Bxe5 23. dxe5 Nd7 24. f4 Rfd8 25. Qd3 Na7 26. Nd2 Qc7 27. Nb3 Qc4 28. Kg3 Qxd3+ 29. cxd3 Nc6 30. Re2 Rdc8 31. Rec2 Nb6 32. Nc5 Na4 33. Nxa4 bxa4 34. Rc5 Ne7 35. Rxc8+ Rxc8 36. Rxc8+ Nxc8 37. Bd4 Kf8 38. Kf3 Ke7 39. Bc5+ Ke8 40. Ke3 b6 41. Bd4 Kd7 42. h4 Kc6 43. h5 Na7 44. f5 Nb5 45. Bb2 exf5 46. gxf5 Nc7 47. Kf3 Ne8 48. Bc1 Kd7 49. Be3 Kc6 50. Bd4 Nc7 51. e6 fxe6 52. Bxg7 exf5 53. Bxh6 Ne6 54. Bg7 Ng5+ 55. Kf4 Ne6+ 56. Kf3 Ng5+ 57. Kf2 Kd6 58. Bd4 b5 59. Kg3 Ke7 60. Be5 Ke6 61. Bd4 Nh7 62. Kf4 Nf8 63. Kg5 Nh7+ 64. Kg6 Nf8+ 65. Kg7 Nd7 66. h6 Ne5 67. Bxe5 1-0

[Event "SVK-chT3B2 1718"]
[Site "Slovakia"]
[Date "2018.03.25"]
[Round "11.2"]
[White "Hrebicik, David"]
[Black "Cyprian, Marian"]
[Result "1-0"]
[WhiteElo "1739"]
[BlackElo "1876"]
[PlyCount "81"]
[EventDate "2017.10.08"]
[EventType "team-tourn"]
[EventRounds "11"]
[EventCountry "SVK"]
[SourceTitle "EXT 2020"]
[Source "ChessBase"]
[SourceDate "2019.10.17"]
[SourceVersion "1"]
[SourceVersionDate "2019.10.17"]
[SourceQuality "1"]
[WhiteTeam "Povazske Podhradie II"]
[BlackTeam "Nemsova Horne Srnie"]
[WhiteTeamCountry "SVK"]
[BlackTeamCountry "SVK"]

1. d4 d5 2. c4 dxc4 3. Nc3 e5 4. d5 Bc5 5. e4 Nf6 6. Bxc4 h6 7. h3 0-0 8. Nf3 Qe7 9. 0-0 a6 10. Qe2 b5 11. Bb3 Nbd7 12. Be3 Bd6 13. Nd2 Nc5 14. Bc2 Bb7 15. Rac1 c6 16. Bxc5 Bxc5 17. Bb3 Rac8 18. Nf3 Nh5 19. Rfd1 Nf4 20. Qe1 Ng6 21. dxc6 Bxc6 22. Nd5 Bxd5 23. exd5 Bd6 24. Qa5 Qb7 25. Nd2 f5 26. Rc6 Rf6 27. Rb6 Qd7 28. Qxa6 Kh7 29. Qxb5 Qxb5 30. Rxb5 e4 31. Nc4 Bf4 32. g3 Bb8 33. d6 Rd8 34. d7 Rff8 35. Na5 Ne5 36. Be6 Nd3 37. Nc6 f4 38. gxf4 Nxf4 39. Nxd8 Rxd8 40. Bg4 Nd3 41. Bf5+ 1-0

[Event "SVK-chT3B2 1718"]
[Site "Slovakia"]
[Date "2018.01.07"]
[Round "7.2"]
[White "Cyprian, Marian"]
[Black "Poliakova, Emma"]
[Result "1/2-1/2"]
[WhiteElo "1876"]
[BlackElo "1944"]
[PlyCount "79"]
[EventDate "2017.10.08"]
[EventType "team-tourn"]
[EventRounds "11"]
[EventCountry "SVK"]
[SourceTitle "EXT 2019"]
[Source "ChessBase"]
[SourceDate "2018.10.10"]
[SourceVersion "1"]
[SourceVersionDate "2018.10.10"]
[SourceQuality "1"]
[WhiteTeam "Nemsova Horne Srnie"]
[BlackTeam "Dubnica nad Vahom III"]
[WhiteTeamCountry "SVK"]
[BlackTeamCountry "SVK"]

1. d4 d5 2. Nf3 Nf6 3. Bf4 e6 4. e3 c5 5. c3 Nc6 6. Nbd2 Be7 7. h3 0-0 8. Bd3 b6 9. 0-0 Bb7 10. Ne5 Rc8 11. Bg3 Nxe5 12. Bxe5 Ne4 13. f3 Nd6 14. Qe2 f6 15. Bg3 Nf7 16. f4 f5 17. Nf3 Kh8 18. Ne5 Bc6 19. a4 c4 20. Bc2 Nxe5 21. fxe5 Qc7 22. Kh1 a6 23. Ra2 Ra8 24. Rfa1 b5 25. axb5 axb5 26. Rxa8 Rxa8 27. Rxa8+ Bxa8 28. Be1 Bg5 29. Bd2 Bc6 30. g4 g6 31. Qf2 Qe7 32. Kh2 fxg4 33. hxg4 Kg7 34. Kg2 Kg8 35. Qf1 Qg7 36. Bd1 Be8 37. Bf3 h5 38. Qa1 Qh6 39. Qe1 Kf8 40. Qf2 1/2-1/2

[Event "SVK-chT3B2 1617"]
[Site "Slovakia"]
[Date "2017.03.19"]
[Round "10.3"]
[White "Poliakova, Emma"]
[Black "Cyprian, Marian"]
[Result "1-0"]
[WhiteElo "1899"]
[BlackElo "1897"]
[PlyCount "133"]
[EventDate "2016.10.16"]
[EventType "team-tourn"]
[EventRounds "11"]
[EventCountry "SVK"]
[SourceTitle "EXT 2020"]
[Source "ChessBase"]
[SourceDate "2019.10.17"]
[SourceVersion "1"]
[SourceVersionDate "2019.10.17"]
[SourceQuality "1"]
[WhiteTeam "Dubnica nad Vahom III"]
[BlackTeam "Nemsova Horne Srnie"]
[WhiteTeamCountry "SVK"]
[BlackTeamCountry "SVK"]

1. e4 Nf6 2. e5 Nd5 3. d4 d6 4. Nf3 g6 5. Bc4 c6 6. 0-0 Bg7 7. exd6 Qxd6 8. Nbd2 Bg4 9. c3 0-0 10. Ne4 Qc7 11. h3 Bxf3 12. Qxf3 Nd7 13. Ng3 N7f6 14. Re1 Rae8 15. Bd2 e5 16. dxe5 Rxe5 17. Rxe5 Qxe5 18. Re1 Qd6 19. Bg5 h6 20. Bc1 Qc5 21. Bb3 Qd6 22. Ne4 Nxe4 23. Qxe4 Rd8 24. Rd1 Qc7 25. Bxd5 cxd5 26. Rxd5 Rxd5 27. Qxd5 h5 28. Be3 a6 29. g3 Qe7 30. Kg2 Bf6 31. Bc5 Qc7 32. Qd6 Qxd6 33. Bxd6 Kg7 34. Kf3 Bd8 35. Ke4 Bb6 36. Be5+ Kf8 37. Bd4 Bc7 38. Bf6 Ke8 39. Kd5 Kd7 40. c4 Bb6 41. c5 Ba5 42. f4 Be1 43. g4 hxg4 44. hxg4 Bd2 45. f5 gxf5 46. gxf5 Ba5 47. a3 Bd2 48. b4 Be1 49. Kc4 Kc6 50. Bd4 Bg3 51. a4 Bf4 52. b5+ axb5+ 53. axb5+ Kc7 54. Kd5 Kd7 55. Be5 Be3 56. c6+ bxc6+ 57. bxc6+ Kc8 58. Kd6 Bg5 59. f6 Kd8 60. c7+ Kc8 61. Ke7 Be3 62. Bd6 Bd4 63. Kxf7 Kd7 64. Kg6 Bxf6 65. Kxf6 Kc8 66. Ke7 Kb7 67. Kd7 1-0

[Event "SVK-chT3B2 1617"]
[Site "Slovakia"]
[Date "2017.02.19"]
[Round "8.4"]
[White "Cyprian, Marian"]
[Black "Hanko, Miroslav"]
[Result "1/2-1/2"]
[WhiteElo "1897"]
[BlackElo "1913"]
[PlyCount "117"]
[EventDate "2016.10.16"]
[EventType "team-tourn"]
[EventRounds "11"]
[EventCountry "SVK"]
[SourceTitle "EXT 2020"]
[Source "ChessBase"]
[SourceDate "2019.10.17"]
[SourceVersion "1"]
[SourceVersionDate "2019.10.17"]
[SourceQuality "1"]
[WhiteTeam "Nemsova Horne Srnie"]
[BlackTeam "Bojnice"]
[WhiteTeamCountry "SVK"]
[BlackTeamCountry "SVK"]

1. d4 Nf6 2. Nf3 g6 3. Bf4 Bg7 4. e3 0-0 5. Be2 c5 6. c3 cxd4 7. exd4 Qb6 8. Qb3 Qxb3 9. axb3 d6 10. 0-0 Nc6 11. Nbd2 Bd7 12. b4 Nh5 13. Be3 a6 14. Ne1 Nf6 15. Nc4 Nd5 16. Bd2 b5 17. Na5 Ra7 18. Nc2 Nb6 19. Be3 d5 20. Nxc6 Bxc6 21. Ne1 Nc4 22. Nd3 Rfa8 23. Bf4 f6 24. b3 Nb6 25. Ra5 Nd7 26. Rfa1 Kf7 27. Be3 h6 28. f4 e6 29. g3 Bf8 30. Nc5 Nxc5 31. bxc5 f5 32. b4 Be7 33. h4 Bd8 34. R5a2 a5 35. bxa5 Rxa5 36. Rxa5 Rxa5 37. Rxa5 Bxa5 38. Bd2 Kf6 39. Kf2 Be8 40. Ke1 h5 41. Kd1 Ke7 42. Kc2 Kd8 43. Kb3 Kc7 44. Bc1 Kb7 45. Bd2 Ka6 46. Be3 Bc6 47. Bd3 Be8 48. Be2 Bd7 49. Bd3 Bd8 50. Kb4 Bc6 51. Be2 Bc7 52. Bd3 Be8 53. Be2 Ba5+ 54. Kb3 Bc7 55. Kb4 Bd7 56. Bd3 Be8 57. Be2 Ba5+ 58. Kb3 Kb7 59. Bd3 1/2-1/2

[Event "SVK-chT3B2 1617"]
[Site "Slovakia"]
[Date "2017.01.15"]
[Round "6.3"]
[White "Rucek, Kristian"]
[Black "Cyprian, Marian"]
[Result "1-0"]
[WhiteElo "1735"]
[BlackElo "1897"]
[PlyCount "81"]
[EventDate "2016.10.16"]
[EventType "team-tourn"]
[EventRounds "11"]
[EventCountry "SVK"]
[SourceTitle "EXT 2018"]
[Source "ChessBase"]
[SourceDate "2017.10.13"]
[SourceVersion "1"]
[SourceVersionDate "2017.10.13"]
[SourceQuality "1"]
[WhiteTeam "Belusa"]
[BlackTeam "Nemsova Horne Srnie"]
[WhiteTeamCountry "SVK"]
[BlackTeamCountry "SVK"]

1. d4 d5 2. c4 dxc4 3. e4 e5 4. Bxc4 Qxd4 5. Qxd4 exd4 6. Nf3 Bb4+ 7. Nbd2 Nc6 8. 0-0 Bxd2 9. Bxd2 Nge7 10. Bf4 Na5 11. Rac1 Nxc4 12. Rxc4 c6 13. Rxd4 0-0 14. Bd6 Re8 15. Bxe7 Be6 16. Bd6 Bxa2 17. e5 Bd5 18. Re1 h6 19. Nh4 g6 20. Nf3 Rad8 21. Re3 Kg7 22. Nd2 b5 23. Ne4 Bxe4 24. Rdxe4 Re6 25. b4 a6 26. f4 h5 27. Rd4 Ra8 28. Ra3 f6 29. Kf2 Kf7 30. g3 Ree8 31. exf6 Kxf6 32. Be5+ Kf5 33. Kf3 g5 34. Rd6 g4+ 35. Ke3 Re6 36. Rxe6 Kxe6 37. Ke4 c5 38. f5+ Kf7 39. bxc5 b4 40. Rb3 a5 41. c6 1-0

[Event "SVK-chT3B2 1617"]
[Site "Slovakia"]
[Date "2016.12.18"]
[Round "5.4"]
[White "Genzor, Martin"]
[Black "Cyprian, Marian"]
[Result "1/2-1/2"]
[WhiteElo "1650"]
[BlackElo "1897"]
[PlyCount "77"]
[EventDate "2016.10.16"]
[EventType "team-tourn"]
[EventRounds "11"]
[EventCountry "SVK"]
[SourceTitle "EXT 2018"]
[Source "ChessBase"]
[SourceDate "2017.10.13"]
[SourceVersion "1"]
[SourceVersionDate "2017.10.13"]
[SourceQuality "1"]
[WhiteTeam "Dubnica nad Vahom IV"]
[BlackTeam "Nemsova Horne Srnie"]
[WhiteTeamCountry "SVK"]
[BlackTeamCountry "SVK"]

1. e4 Nf6 2. Nc3 d5 3. exd5 Nxd5 4. Bc4 c6 5. Qf3 Be6 6. Ne4 Nc7 7. d3 Nd7 8. Bf4 Bd5 9. Bxd5 Nxd5 10. Ne2 g6 11. Ng5 N5f6 12. 0-0 Bg7 13. Nd4 0-0 14. Rfe1 Nb6 15. Nb3 Nfd5 16. Bc1 e6 17. Ne4 Nd7 18. Nbd2 Nb4 19. Qd1 b6 20. a3 Nd5 21. c3 c5 22. Nf3 Qc7 23. Rb1 h6 24. h3 Rad8 25. d4 cxd4 26. Nxd4 Nc5 27. Qf3 Nxe4 28. Qxe4 e5 29. Nf3 Rfe8 30. Qh4 Nf4 31. Bxf4 exf4 32. Rxe8+ Rxe8 33. Rd1 g5 34. Qg4 Rd8 35. Rd2 Rxd2 36. Nxd2 Qe5 37. Qc8+ Kh7 38. Qc4 Qe1+ 39. Nf1 1/2-1/2

[Event "SVK-chT3B2 1617"]
[Site "Slovakia"]
[Date "2016.11.13"]
[Round "3.4"]
[White "Geschwandtner, Juraj"]
[Black "Cyprian, Marian"]
[Result "1/2-1/2"]
[WhiteElo "1851"]
[BlackElo "1897"]
[PlyCount "29"]
[EventDate "2016.10.16"]
[EventType "team-tourn"]
[EventRounds "11"]
[EventCountry "SVK"]
[SourceTitle "EXT 2018"]
[Source "ChessBase"]
[SourceDate "2017.10.13"]
[SourceVersion "1"]
[SourceVersionDate "2017.10.13"]
[SourceQuality "1"]
[WhiteTeam "Handlova"]
[BlackTeam "Nemsova Horne Srnie"]
[WhiteTeamCountry "SVK"]
[BlackTeamCountry "SVK"]

1. d4 d5 2. Nf3 Nf6 3. c4 dxc4 4. Nc3 g6 5. e4 c6 6. a4 Bg7 7. Bxc4 0-0 8. 0-0 Bg4 9. Be2 a5 10. h3 Bxf3 11. Bxf3 e6 12. Be3 Na6 13. Qd2 Nb4 14. Rad1 Qe7 15. Bg5 1/2-1/2

[Event "SVK-chT3B2 1617"]
[Site "Slovakia"]
[Date "2016.10.16"]
[Round "1.3"]
[White "Hrebicik, David"]
[Black "Cyprian, Marian"]
[Result "1/2-1/2"]
[WhiteElo "1770"]
[BlackElo "1897"]
[PlyCount "87"]
[EventDate "2016.10.16"]
[EventType "team-tourn"]
[EventRounds "11"]
[EventCountry "SVK"]
[SourceTitle "CBM 175 Extra"]
[Source "ChessBase"]
[SourceDate "2016.12.12"]
[SourceVersion "1"]
[SourceVersionDate "2016.12.12"]
[SourceQuality "1"]
[WhiteTeam "Povazske Podhradie II"]
[BlackTeam "Nemsova Horne Srnie"]
[WhiteTeamCountry "SVK"]
[BlackTeamCountry "SVK"]

1. d4 d5 2. c4 dxc4 3. Nc3 Nf6 4. e3 g6 5. Bxc4 Bg7 6. Nf3 0-0 7. 0-0 c6 8. Re1 Bg4 9. h3 Bxf3 10. Qxf3 Nbd7 11. Rd1 e6 12. Bb3 Nb6 13. Bd2 Nbd7 14. Ne4 Qe7 15. a3 a5 16. Rac1 Rfd8 17. Nc5 Nxc5 18. Rxc5 a4 19. Ba2 Nd7 20. Rcc1 Qf6 21. Qg3 Nb8 22. Bc3 Qe7 23. e4 Na6 24. Qf3 Nc7 25. d5 Bxc3 26. Rxc3 exd5 27. exd5 Nxd5 28. Bxd5 cxd5 29. Rxd5 Rxd5 30. Qxd5 Rd8 31. Qf3 Qd7 32. Rc1 Qd2 33. Rc7 Qe1+ 34. Kh2 Qe5+ 35. Qg3 Qxg3+ 36. fxg3 b5 37. Rc5 Rb8 38. Kg1 Kf8 39. Kf2 Ke7 40. Ke3 Kd6 41. Kd4 f6 42. g4 Rb6 43. Rd5+ Kc6 44. Rc5+ 1/2-1/2

[Event "SVK-chT3B2 1516"]
[Site "Slovakia"]
[Date "2016.02.07"]
[Round "7.2"]
[White "Cyprian, Marian"]
[Black "Kutny, Marian1111"]
[Result "1/2-1/2"]
[WhiteElo "1955"]
[BlackElo "1575"]
[PlyCount "82"]
[EventDate "2015.10.11"]
[EventType "team-tourn"]
[EventRounds "11"]
[EventCountry "SVK"]
[SourceTitle "CBM 170 Extra"]
[Source "ChessBase"]
[SourceDate "2016.02.25"]
[SourceVersion "1"]
[SourceVersionDate "2016.02.25"]
[SourceQuality "1"]
[WhiteTeam "Nemsova Horne Srnie"]
[BlackTeam "Belusa"]
[WhiteTeamCountry "SVK"]
[BlackTeamCountry "SVK"]

1. d4 g6 2. Nf3 Bg7 3. Bf4 d6 4. e3 a6 5. h3 Nf6 6. Nbd2 Bf5 7. c3 0-0 8. Be2 Nbd7 9. 0-0 Re8 10. g4 Be6 11. Ng5 Bd5 12. e4 e5 13. dxe5 dxe5 14. Be3 Bc6 15. Bc4 Rf8 16. Qc2 h6 17. Ngf3 h5 18. g5 Nh7 19. Kh2 Kh8 20. Rg1 f6 21. gxf6 Rxf6 22. Rg2 Ndf8 23. Rag1 Be8 24. Nxe5 Qd6 25. f4 g5 26. Kh1 Ne6 27. f5 Qxe5 28. Bxe6 Rxe6 29. fxe6 Qxe6 30. Bd4 Bg6 31. Bxg7+ Kxg7 32. Qd3 Re8 33. Rg3 Kh6 34. Qe3 Qc6 35. Re1 Re5 36. h4 Qf6 37. Reg1 Qc6 38. hxg5+ Kg7 39. Qd4 Qe6 40. Kh2 c5 41. Qc4 Qe7 1/2-1/2

[Event "SVK-chT3B2 1516"]
[Site "Slovakia"]
[Date "2016.01.10"]
[Round "5.3"]
[White "Poliakova, Emma"]
[Black "Cyprian, Marian"]
[Result "1/2-1/2"]
[WhiteElo "1812"]
[BlackElo "1955"]
[PlyCount "127"]
[EventDate "2015.10.11"]
[EventType "team-tourn"]
[EventRounds "11"]
[EventCountry "SVK"]
[SourceTitle "CBM 170 Extra"]
[Source "ChessBase"]
[SourceDate "2016.02.25"]
[SourceVersion "1"]
[SourceVersionDate "2016.02.25"]
[SourceQuality "1"]
[WhiteTeam "Dubnica nad Vahom III"]
[BlackTeam "Nemsova Horne Srnie"]
[WhiteTeamCountry "SVK"]
[BlackTeamCountry "SVK"]

1. e4 Nf6 2. e5 Nd5 3. d4 d6 4. Nf3 g6 5. Bc4 c6 6. h3 Bg7 7. 0-0 0-0 8. Bb3 dxe5 9. dxe5 Na6 10. Qe2 Qc7 11. Nbd2 Bf5 12. Nc4 Nc5 13. Ne3 Nf4 14. Qc4 Nxb3 15. axb3 Ne6 16. Nxf5 gxf5 17. Re1 c5 18. c3 b6 19. Qh4 Kh8 20. Qh5 f4 21. Ra4 Qc6 22. Rae4 Rg8 23. Bxf4 Nxf4 24. Rxf4 Qg6 25. Qxg6 fxg6 26. Ng5 Rgf8 27. Nf7+ Kg8 28. e6 Rac8 29. Rd1 Rc6 30. Re4 Bf6 31. g4 Rfc8 32. f4 a6 33. g5 Bg7 34. Rd7 Bf8 35. h4 b5 36. h5 gxh5 37. f5 Re8 38. Rh4 c4 39. b4 a5 40. Ne5 Ra6 41. Rxh5 axb4 42. Rh3 Ra1+ 43. Kf2 Ra2 44. Rd2 bxc3 45. Rxc3 Bg7 46. Re2 Rxb2 47. Rxb2 Bxe5 48. Rbc2 Bxc3 49. Rxc3 Rf8 50. Rf3 b4 51. Ke2 b3 52. Kd2 Ra8 53. Kc3 Rc8 54. f6 Kf8 55. Rf5 Rc6 56. Re5 Rb6 57. Kb2 Rd6 58. Rc5 Rxe6 59. fxe7+ Rxe7 60. Rxc4 Re3 61. Rc7 Rg3 62. Rxh7 Rxg5 63. Kxb3 Kg8 64. Ra7 1/2-1/2

[Event "SVK-chT3B2 1516"]
[Site "Slovakia"]
[Date "2015.12.13"]
[Round "4.3"]
[White "Cyprian, Marian"]
[Black "Mysiak, Juraj"]
[Result "1/2-1/2"]
[WhiteElo "1955"]
[BlackElo "1832"]
[PlyCount "91"]
[EventDate "2015.10.11"]
[EventType "team-tourn"]
[EventRounds "11"]
[EventCountry "SVK"]
[SourceTitle "CBM 170 Extra"]
[Source "ChessBase"]
[SourceDate "2016.02.25"]
[SourceVersion "1"]
[SourceVersionDate "2016.02.25"]
[SourceQuality "1"]
[WhiteTeam "Nemsova Horne Srnie"]
[BlackTeam "Povazska Bystrica III"]
[WhiteTeamCountry "SVK"]
[BlackTeamCountry "SVK"]

1. d4 e6 2. Nf3 d5 3. Bf4 Nf6 4. e3 Be7 5. h3 Nbd7 6. Nbd2 0-0 7. Bd3 c5 8. c3 b6 9. 0-0 Bb7 10. a4 Ne4 11. Ne5 f6 12. Nxd7 Qxd7 13. Bb5 Bc6 14. Nxe4 dxe4 15. Qe2 Bd6 16. Bxd6 Qxd6 17. Rfd1 Rfd8 18. Bxc6 Qxc6 19. Qc4 Qd5 20. Qxd5 exd5 21. dxc5 bxc5 22. b4 cxb4 23. cxb4 Rab8 24. Rd4 Kf7 25. Rc1 Rb7 26. Rc5 Ke6 27. b5 a6 28. bxa6 Ra7 29. g4 g6 30. Rb5 Rdd7 31. Rb6+ Rd6 32. Rdb4 Rxa6 33. Rb7 Rd7 34. R4b6+ Rxb6 35. Rxb6+ Rd6 36. Rb7 Ra6 37. Rb4 f5 38. Kg2 Ke5 39. Kg3 g5 40. gxf5 Kxf5 41. Rd4 Ke5 42. Kg4 h6 43. Rb4 Rf6 44. Kg3 Ra6 45. Kg2 h5 46. Kg3 1/2-1/2